[Event "23rd EUR-ch"]
[Site "Vrnjacka Banja SRB"]
[Date "2023.03.10"]
[Round "8.101"]
[White "Soffer, Ram"]
[Black "Denishev, Marat"]
[Result "1-0"]
[WhiteElo "2456"]
[BlackElo "2303"]
[EventDate "2023.03.03"]
[PlyCount "99"]

1.d4 Nf6 2.c4 e6 3.g3 d5 4.Nf3 Be7 5.Bg2 O-O 6.O-O dxc4 7.Ne5 Nc6 8.Nxc6 
bxc6 9.Na3 Bxa3 10.bxa3 Ba6 11.Qd2 Rb8 12.Qa5 Rb6 13.a4 Qe7 14.Qc3 Qd7 15.
Ba3 Ra8 16.e4 Rbb8 17.Qa5 Qc8 18.h3 h6 19.Kh2 Rb6 20.Rac1 Rab8 21.Rfe1 Qb7
22.Qc3 Qc8 23.Kg1 R8b7 24.Bf1 Qb8 25.Qa5 Qc8 26.Bc5 Rb8 27.Bxb6 cxb6 28.
Qb4 b5 29.axb5 cxb5 30.a4 Bb7 31.Qxb5 Bxe4 32.Qxc4 Qb7 33.Qc7 Qb3 34.Re3 
Qb2 35.Bb5 Rf8 36.Qc3 Qa2 37.Re2 Qd5 38.Bc6 Qf5 39.Bxe4 Nxe4 40.Qc2 Nd6 
41.Qxf5 Nxf5 42.d5 Nd4 43.Re4 e5 44.Kg2 f6 45.f4 Rb8 46.fxe5 Rb2+ 47.Kf1 
fxe5 48.Rxe5 Rd2 49.Rc3 Kf7 50.d6 1-0

[Event "23rd EUR-ch"]
[Site "Vrnjacka Banja SRB"]
[Date "2023.03.10"]
[Round "8.102"]
[White "Dobre, Claudiu-Cristian"]
[Black "Shubin, Kirill"]
[Result "0-1"]
[WhiteElo "2271"]
[BlackElo "2449"]
[EventDate "2023.03.03"]
[PlyCount "72"]

1.c4 e5 2.Nc3 Nc6 3.e3 g6 4.Nf3 Bg7 5.d4 d6 6.Be2 f5 7.d5 Nce7 8.O-O Nf6 
9.Rb1 O-O 10.b4 Kh8 11.g3 h6 12.h4 a5 13.a3 axb4 14.axb4 Nh7 15.Kg2 f4 16.
e4 Qd7 17.Rh1 Nf6 18.c5 Ng4 19.Qc2 Ng8 20.cxd6 cxd6 21.Nb5 fxg3 22.Nc7 
Nxf2 23.Nxa8 Nxh1 24.Kxh1 Qh3+ 25.Kg1 g2 26.Nh2 Qg3 27.Bf3 Bh3 28.Qf2 
Qxf2+ 29.Kxf2 Rxa8 30.Bxg2 Bxg2 31.Kxg2 Nf6 32.Kf3 Rc8 33.Nf1 Rc4 34.Ng3 
Rc3+ 35.Kg2 b5 36.Bd2 Rxg3+ 0-1

[Event "23rd EUR-ch"]
[Site "Vrnjacka Banja SRB"]
[Date "2023.03.10"]
[Round "8.103"]
[White "Nigalidze, Gaioz"]
[Black "Toktomushev, Teimur"]
[Result "1-0"]
[WhiteElo "2448"]
[BlackElo "2255"]
[EventDate "2023.03.03"]
[PlyCount "59"]

1.e4 c5 2.Nf3 e6 3.d4 cxd4 4.Nxd4 a6 5.h4 Nf6 6.Nc3 Qc7 7.Qe2 d6 8.g4 b5 
9.a3 Bb7 10.g5 Nfd7 11.h5 Be7 12.Rh3 Nc6 13.Nxc6 Bxc6 14.g6 hxg6 15.hxg6 
O-O-O 16.gxf7 Bf6 17.Bd2 Nc5 18.O-O-O Qxf7 19.Kb1 Rxh3 20.Bxh3 Bxc3 21.
Bxc3 Nxe4 22.Ba5 Rh8 23.Rxd6 Bd5 24.Rxd5 Kb8 25.Rd3 Qf4 26.Bg2 Nc5 27.Qf3 
Qxf3 28.Rxf3 g5 29.Rf7 Rh2 30.Rf8+ 1-0

[Event "23rd EUR-ch"]
[Site "Vrnjacka Banja SRB"]
[Date "2023.03.10"]
[Round "8.104"]
[White "Wachinger, Nikolas"]
[Black "Shvedova, Alexandra"]
[Result "1/2-1/2"]
[WhiteElo "2440"]
[BlackElo "2083"]
[EventDate "2023.03.03"]
[PlyCount "108"]

1.c4 Nf6 2.Nc3 e5 3.Nf3 Nc6 4.g3 d5 5.cxd5 Nxd5 6.Bg2 Nb6 7.O-O Be7 8.b3 
O-O 9.Bb2 Re8 10.Rc1 Bf5 11.d3 Qd7 12.Ne4 f6 13.Re1 Rad8 14.Qc2 Bh3 15.Bh1
Nd5 16.a3 Nb8 17.d4 exd4 18.Nxd4 Na6 19.b4 c6 20.Qa4 Nb6 21.Qb3+ Kh8 22.
Nc5 Nxc5 23.bxc5 Nd5 24.e4 Nc7 25.e5 fxe5 26.Nf3 Be6 27.Qa4 Nb5 28.Bxe5 
Bd5 29.Qb4 Rf8 30.Re3 b6 31.a4 Bxc5 32.Rxc5 bxc5 33.Qxc5 Nc7 34.Qxa7 Ne6 
35.Qxd7 Rxd7 36.Bc3 Rdf7 37.Nd2 Bxh1 38.Kxh1 Nc7 39.f3 Nd5 40.Rd3 Ra7 41.
a5 Nxc3 42.Rxc3 Rxa5 43.Rxc6 Ra2 44.Rd6 Re8 45.Kg1 h6 46.Kf2 Ra1 47.h4 Ra2
48.h5 Kg8 49.Rd7 Kf8 50.g4 Re7 51.Rd3 Kf7 52.Kg3 Re1 53.Ne4 Rg1+ 54.Kf4 
Ra7 1/2-1/2

[Event "23rd EUR-ch"]
[Site "Vrnjacka Banja SRB"]
[Date "2023.03.10"]
[Round "8.105"]
[White "Shoshin, Kirill"]
[Black "Wadsworth, Matthew"]
[Result "0-1"]
[WhiteElo "2278"]
[BlackElo "2439"]
[EventDate "2023.03.03"]
[PlyCount "64"]

1.d4 d5 2.c4 c6 3.Nf3 Nf6 4.e3 g6 5.Nc3 Bg7 6.Be2 O-O 7.b3 Ne4 8.Bb2 Bg4 
9.O-O Nxc3 10.Bxc3 e6 11.h3 Bxf3 12.Bxf3 Nd7 13.e4 dxc4 14.bxc4 c5 15.Rb1 
Qc7 16.e5 Rab8 17.Re1 cxd4 18.Bb4 Nxe5 19.Bxf8 Kxf8 20.Qb3 b6 21.Be2 Nd7 
22.Qa3+ Kg8 23.Qe7 Bf6 24.Qa3 Nc5 25.Rbd1 Rd8 26.Bf3 Kg7 27.Qb4 h5 28.Qb5 
h4 29.Re2 Qf4 30.Rde1 d3 31.Re3 Bd4 32.Re4 d2 0-1

[Event "23rd EUR-ch"]
[Site "Vrnjacka Banja SRB"]
[Date "2023.03.10"]
[Round "8.106"]
[White "Stalmach, Richard"]
[Black "Goriachkina, Oksana"]
[Result "1-0"]
[WhiteElo "2436"]
[BlackElo "1759"]
[EventDate "2023.03.03"]
[PlyCount "35"]

1.Nf3 d5 2.g3 Nf6 3.Bg2 c5 4.O-O Nc6 5.d4 Bf5 6.c4 Be4 7.cxd5 Nxd4 8.Nc3 
Bxd5 9.Nxd5 Qxd5 10.Nxd4 Qxd4 11.Be3 Qd7 12.Qb3 c4 13.Qxc4 b5 14.Qb3 Rc8 
15.Rfd1 Qf5 16.Rac1 Rxc1 17.Bxc1 Qc5 18.Be3 1-0

[Event "23rd EUR-ch"]
[Site "Vrnjacka Banja SRB"]
[Date "2023.03.10"]
[Round "8.107"]
[White "Atakishiyev, Elmar"]
[Black "Bosiocic, Marin"]
[Result "1/2-1/2"]
[WhiteElo "2344"]
[BlackElo "2555"]
[EventDate "2023.03.03"]
[PlyCount "69"]

1.d4 d6 2.Nf3 Nf6 3.c4 g6 4.g3 Bg7 5.Bg2 c6 6.O-O O-O 7.Nc3 Bf5 8.b3 Ne4 
9.Bb2 Nxc3 10.Bxc3 Be4 11.Qd2 d5 12.Rac1 Na6 13.Rfd1 Re8 14.h4 Qd6 15.Qe3 
Nc7 16.cxd5 Qxd5 17.Bb4 Ne6 18.Rd2 f5 19.Ng5 Nxg5 20.Rc5 Qd7 21.hxg5 Bxg2 
22.Kxg2 e6 23.Rcc2 a5 24.Bc3 a4 25.Qf3 Qd5 26.Rb2 axb3 27.axb3 Ra6 28.b4 
Qxf3+ 29.Kxf3 Ra3 30.Rbc2 h6 31.gxh6 Bxh6 32.e3 Bf8 33.b5 cxb5 34.Bb2 Ra2 
35.Rc7 1/2-1/2

[Event "23rd EUR-ch"]
[Site "Vrnjacka Banja SRB"]
[Date "2023.03.10"]
[Round "8.108"]
[White "Pultinevicius, Paulius"]
[Black "Danov, Liubomir"]
[Result "1/2-1/2"]
[WhiteElo "2546"]
[BlackElo "2349"]
[EventDate "2023.03.03"]
[PlyCount "119"]

1.d4 d5 2.c4 e6 3.Nf3 c6 4.Qc2 Nf6 5.g3 dxc4 6.Qxc4 b5 7.Qb3 Nbd7 8.Bg2 
Bb7 9.O-O Be7 10.Nc3 b4 11.Na4 O-O 12.Bg5 Ba6 13.Ne5 Nxe5 14.dxe5 Nd5 15.
Bxe7 Qxe7 16.Rfc1 Bxe2 17.Rxc6 Bb5 18.Rc2 Rac8 19.Rac1 Rxc2 20.Rxc2 Rd8 
21.h4 a5 22.Nc5 Nc3 23.bxc3 Qxc5 24.cxb4 Qxb4 25.Qe3 Qb1+ 26.Rc1 Rd1+ 27.
Rxd1 Qxd1+ 28.Kh2 Qd8 29.Qc5 Be8 30.Be4 h5 31.Kg2 g6 32.a3 Kg7 33.Qa7 Bb5 
34.Qc5 Be8 35.Bf3 Qd2 36.Kg1 Ba4 37.Qe3 Qd8 38.Qf4 Bd1 39.Be4 Bg4 40.Qe3 
Qd1+ 41.Kh2 Qa1 42.Bc6 Bf5 43.Be8 Kf8 44.Bc6 Qb2 45.Qc5+ Kg7 46.Bg2 Qd2 
47.Qe3 Qxe3 48.fxe3 f6 49.Kg1 Bd3 50.exf6+ Kxf6 51.Kf2 Ke5 52.Ke1 Kd6 53.
Kd2 Bb5 54.Be4 Be8 55.Bc2 e5 56.Kc3 Bf7 57.Bd3 Kc5 58.Bb1 Kc6 59.Bc2 Kb6 
60.Bd3 1/2-1/2

[Event "23rd EUR-ch"]
[Site "Vrnjacka Banja SRB"]
[Date "2023.03.10"]
[Round "8.109"]
[White "Sahakian, Aleks"]
[Black "Muradli, Mahammad"]
[Result "0-1"]
[WhiteElo "2343"]
[BlackElo "2539"]
[EventDate "2023.03.03"]
[PlyCount "95"]

1.e4 c5 2.Nf3 d6 3.d4 cxd4 4.Nxd4 Nf6 5.Nc3 a6 6.Be2 e5 7.Nb3 Be7 8.Qd3 
Be6 9.Nd5 Bxd5 10.exd5 Nbd7 11.Be3 Rc8 12.c4 a5 13.O-O O-O 14.Rac1 g6 15.
Nd2 Ne8 16.a3 a4 17.Bd1 Ra8 18.Nb1 Bg5 19.Nc3 Nc5 20.Qd2 Bxe3 21.Qxe3 f5 
22.Bc2 Qd7 23.f4 Nf6 24.fxe5 Ng4 25.Qd4 Nxe5 26.Rce1 Rfe8 27.Kh1 Rac8 28.
Nb5 Nb3 29.Bxb3 axb3 30.Qc3 Nxc4 31.Rxe8+ Qxe8 32.Re1 Qf7 33.h3 f4 34.Qxb3
Qxd5 35.Nc3 Qf7 36.Ne4 d5 37.Ng5 Qd7 38.Kh2 Ne3 39.Qb4 Rc4 40.Qa5 Rc2 41.
Rg1 Qe7 42.Nf3 Rxb2 43.Nd4 Qg5 44.Qa8+ Kf7 45.Qf8+ Kxf8 46.Ne6+ Ke7 47.
Nxg5 h6 48.Nf3 0-1

[Event "23rd EUR-ch"]
[Site "Vrnjacka Banja SRB"]
[Date "2023.03.10"]
[Round "8.110"]
[White "Valsecchi, Alessio"]
[Black "Van Foreest, Machteld"]
[Result "1-0"]
[WhiteElo "2505"]
[BlackElo "2341"]
[EventDate "2023.03.03"]
[PlyCount "133"]

1.e4 e5 2.Nf3 Nc6 3.Bc4 Bc5 4.O-O Nf6 5.d3 d6 6.c3 O-O 7.h3 h6 8.Re1 a6 9.
Bb3 Re8 10.Nbd2 Ba7 11.Nf1 Be6 12.Bc2 d5 13.exd5 Bxd5 14.Ng3 Bc5 15.b4 Bf8
16.a4 Qd7 17.Bb2 Bd6 18.Nd2 Be6 19.Qf3 Ne7 20.Nde4 Nxe4 21.dxe4 Bc4 22.
Rad1 Qc6 23.Bc1 Ng6 24.Nf5 Bf8 25.Ne3 Rad8 26.a5 Ba2 27.Bb2 Nf4 28.h4 Bc4 
29.Nxc4 Qxc4 30.g3 Ne6 31.Bd3 Qb3 32.Qe2 c5 33.Bc4 Qa4 34.Ra1 Qd7 35.b5 
Nc7 36.bxa6 bxa6 37.Bxa6 Nxa6 38.Qxa6 Ra8 39.Qc4 Re6 40.Red1 Qb7 41.Qd5 
Qb8 42.c4 Rd6 43.Qxe5 Rxa5 44.Rxd6 Rxa1+ 45.Bxa1 Qxd6 46.Qxd6 Bxd6 47.e5 
Bc7 48.Kg2 Kf8 49.Kf3 Ke7 50.Ke4 Ke6 51.g4 g5 52.hxg5 hxg5 53.Bc3 Bb8 54.
Bd2 Bxe5 55.Bxg5 Bc7 56.Bf4 Bd8 57.Bb8 Be7 58.f4 Bd8 59.f5+ Kd7 60.Kd5 Be7
61.Ba7 Bg5 62.Bxc5 Bf4 63.Bd4 Bg5 64.Be5 Bh4 65.Bf4 Be7 66.c5 Bf6 67.g5 
1-0

[Event "23rd EUR-ch"]
[Site "Vrnjacka Banja SRB"]
[Date "2023.03.10"]
[Round "8.111"]
[White "Fitzsimons, David"]
[Black "Alexakis, Dimitris"]
[Result "1/2-1/2"]
[WhiteElo "2338"]
[BlackElo "2472"]
[EventDate "2023.03.03"]
[PlyCount "45"]

1.e4 c5 2.Nf3 e6 3.d4 cxd4 4.Nxd4 Nc6 5.Nc3 Qc7 6.Be3 a6 7.g4 b5 8.Nxc6 
Qxc6 9.Qd2 Bb7 10.O-O-O Nf6 11.f3 b4 12.Ne2 d5 13.g5 Nd7 14.Nd4 Qc7 15.f4 
Nb6 16.Kb1 Nc4 17.Bxc4 dxc4 18.f5 O-O-O 19.fxe6 Bxe4 20.Rhf1 b3 21.Qf2 Bc5
22.axb3 Rhf8 23.Ka1 1/2-1/2

[Event "23rd EUR-ch"]
[Site "Vrnjacka Banja SRB"]
[Date "2023.03.10"]
[Round "8.112"]
[White "Bazakutsa, Svyatoslav"]
[Black "Pajeken, Jakob Leon"]
[Result "1/2-1/2"]
[WhiteElo "2335"]
[BlackElo "2465"]
[EventDate "2023.03.03"]
[PlyCount "62"]

1.c4 Nf6 2.Nc3 e5 3.Nf3 Nc6 4.e4 h6 5.d3 d6 6.d4 Bg4 7.d5 Nd4 8.Be3 Nxf3+ 
9.gxf3 Bd7 10.b4 a5 11.a3 Be7 12.Bg2 Nh5 13.Ne2 Bg5 14.O-O O-O 15.Qd2 b6 
16.Rfc1 f5 17.exf5 Bxf5 18.f4 exf4 19.Nxf4 Bxf4 20.Bxf4 Be4 21.Bxe4 Nxf4 
22.Kh1 Qf6 23.Rab1 axb4 24.axb4 Nh3 25.f3 Ng5 26.Qg2 Ra3 27.c5 Rfa8 28.
cxb6 cxb6 29.Qg4 Rc3 30.Ra1 Rf8 31.Rg1 Rfc8 1/2-1/2

[Event "23rd EUR-ch"]
[Site "Vrnjacka Banja SRB"]
[Date "2023.03.10"]
[Round "8.113"]
[White "Vogel, Roven"]
[Black "Velikic, Adela"]
[Result "1/2-1/2"]
[WhiteElo "2462"]
[BlackElo "2329"]
[EventDate "2023.03.03"]
[PlyCount "71"]

1.c4 e6 2.Nf3 d5 3.d4 c6 4.g3 dxc4 5.Bg2 b5 6.Ne5 Bb7 7.a4 a6 8.Nc3 Nf6 9.
O-O Qb6 10.e4 Nbd7 11.Nxd7 Nxd7 12.e5 Be7 13.Qg4 g6 14.Bh6 b4 15.a5 Qa7 
16.Ne4 c5 17.dxc5 Nxc5 18.Be3 Bxe4 19.Bxe4 Rc8 20.Bg2 Qb8 21.Qxc4 O-O 22.
f4 Rfd8 23.Rfd1 Rxd1+ 24.Rxd1 b3 25.Rc1 Qc7 26.Qb4 Kg7 27.Bf3 h5 28.Kg2 
Bf8 29.Kh3 Qe7 30.Be2 Rc7 31.Qb6 Kg8 32.Bxa6 Nxa6 33.Qxa6 Rxc1 34.Bxc1 Qc5
35.Bd2 Qc2 36.Bc3 1/2-1/2

[Event "23rd EUR-ch"]
[Site "Vrnjacka Banja SRB"]
[Date "2023.03.10"]
[Round "8.114"]
[White "Burcu, Cagatay"]
[Black "Cabarkapa, Novak"]
[Result "1-0"]
[WhiteElo "2331"]
[BlackElo "2458"]
[EventDate "2023.03.03"]
[PlyCount "73"]

1.d4 Nf6 2.Nf3 c5 3.d5 b5 4.e4 Nxe4 5.Bd3 Qa5+ 6.Nbd2 Nf6 7.O-O c4 8.Be4 
d6 9.a4 g6 10.Nd4 a6 11.Re1 Bg7 12.Bf3 Ra7 13.b4 Qb6 14.c3 Bd7 15.Nb1 Qc7 
16.Be3 Rb7 17.axb5 Bxb5 18.Na3 O-O 19.Naxb5 axb5 20.Ra5 Qd7 21.g4 Qc8 22.
g5 Nfd7 23.Bg4 Kh8 24.f4 Qe8 25.h4 Nb6 26.Rxb5 e5 27.dxe6 fxe6 28.Rxb6 
Rxb6 29.Nxe6 Rb7 30.Nxg7 Rxg7 31.Bd4 Qf7 32.Qf3 d5 33.b5 Re8 34.Re3 Nd7 
35.Qe2 Rxe3 36.Qxe3 Nf8 37.Qe5 1-0

[Event "23rd EUR-ch"]
[Site "Vrnjacka Banja SRB"]
[Date "2023.03.10"]
[Round "8.115"]
[White "Rozen, Eytan"]
[Black "Ciorgovean, Iustin"]
[Result "1-0"]
[WhiteElo "2458"]
[BlackElo "2325"]
[EventDate "2023.03.03"]
[PlyCount "73"]

1.d4 Nf6 2.Nc3 d5 3.Bf4 g6 4.e3 Bg7 5.Nb5 Na6 6.h3 O-O 7.Nf3 Ne4 8.Bd3 c6 
9.Nc3 Nxc3 10.bxc3 Qa5 11.Qd2 c5 12.O-O Bf5 13.Bxf5 gxf5 14.Rfb1 b6 15.a4 
Nb8 16.Rb5 Qa6 17.dxc5 e6 18.Be5 bxc5 19.Bxg7 Kxg7 20.e4 Nd7 21.exf5 h6 
22.c4 d4 23.fxe6 Qxe6 24.c3 a6 25.Rb7 Rab8 26.Rxb8 Nxb8 27.cxd4 Qxc4 28.
Rc1 Qxa4 29.Nh4 Qc6 30.Rxc5 Qf6 31.Rh5 Rh8 32.Nf5+ Kg8 33.Nxh6+ Kg7 34.
Rg5+ Kh7 35.Nf5 Re8 36.Qf4 Re4 37.Rh5+ 1-0

[Event "23rd EUR-ch"]
[Site "Vrnjacka Banja SRB"]
[Date "2023.03.10"]
[Round "8.116"]
[White "Gombocz, Ferenc jr"]
[Black "Grieve, Harry"]
[Result "1-0"]
[WhiteElo "2311"]
[BlackElo "2455"]
[EventDate "2023.03.03"]
[PlyCount "45"]

1.d4 d5 2.Nf3 e6 3.Bf4 Nf6 4.e3 c5 5.c3 Bd6 6.Bd3 O-O 7.Ne5 Nc6 8.Nd2 Qc7 
9.Ndf3 g6 10.h4 Nd7 11.Bh6 Ndxe5 12.dxe5 Nxe5 13.Nxe5 Bxe5 14.Bxf8 Kxf8 
15.h5 Bf6 16.Qf3 Qe5 17.hxg6 hxg6 18.O-O-O Bd7 19.Bxg6 Be8 20.Rh5 Bg5 21.
Rdh1 Qf6 22.Qg3 fxg6 23.Rh8+ 1-0

[Event "23rd EUR-ch"]
[Site "Vrnjacka Banja SRB"]
[Date "2023.03.10"]
[Round "8.117"]
[White "Godena, Michele"]
[Black "Filip, Andrei"]
[Result "1-0"]
[WhiteElo "2446"]
[BlackElo "2325"]
[EventDate "2023.03.03"]
[PlyCount "91"]

1.d4 Nf6 2.Nf3 e6 3.Bf4 c5 4.e3 cxd4 5.exd4 Be7 6.Nbd2 b6 7.c3 Bb7 8.Bd3 
d6 9.Qe2 Nbd7 10.O-O O-O 11.Rfe1 Re8 12.a4 a6 13.h3 Bf8 14.Bh2 h6 15.Nc4 
Qc7 16.Ne3 Qc6 17.Qf1 Qc8 18.Qe2 e5 19.dxe5 dxe5 20.Bc2 Bc6 21.Rad1 Qb7 
22.Nc4 Bd5 23.Ncxe5 Nxe5 24.Bxe5 Bd6 25.Qd3 Bxe5 26.Nxe5 h5 27.Qg3 b5 28.
axb5 axb5 29.Nd3 Ne4 30.Qh4 Nf6 31.Nf4 Be4 32.Bb3 b4 33.c4 Qc6 34.f3 Bh7 
35.Rxe8+ Rxe8 36.Qf2 Nd7 37.Rd5 Nf6 38.Rd1 Nd7 39.Nd5 Ne5 40.Qd4 Bf5 41.
Kh1 Kh8 42.c5 Nd3 43.Nxb4 Nxb4 44.Qxb4 Bxh3 45.Qf4 Be6 46.Ba4 1-0

[Event "23rd EUR-ch"]
[Site "Vrnjacka Banja SRB"]
[Date "2023.03.10"]
[Round "8.118"]
[White "Shohat, Yotam"]
[Black "Spyropoulos, Nikolaos"]
[Result "1/2-1/2"]
[WhiteElo "2302"]
[BlackElo "2442"]
[EventDate "2023.03.03"]
[PlyCount "59"]

1.e4 e5 2.Nf3 Nc6 3.Bb5 g6 4.O-O Bg7 5.c3 a6 6.Ba4 Nge7 7.d4 exd4 8.cxd4 
O-O 9.h3 d6 10.Nc3 b5 11.Bc2 Bb7 12.Re1 Na5 13.Bf4 Rc8 14.Bd3 h6 15.h4 Kh7
16.h5 Nc4 17.Bxc4 bxc4 18.hxg6+ Nxg6 19.Bh2 f5 20.d5 f4 21.Ne2 c5 22.dxc6 
Bxc6 23.Ned4 Bd7 24.Qd2 Qf6 25.Rad1 Ne5 26.Nxe5 dxe5 27.Ne2 Rcd8 28.Qd6 a5
29.Qa3 Bg4 30.f3 1/2-1/2

[Event "23rd EUR-ch"]
[Site "Vrnjacka Banja SRB"]
[Date "2023.03.10"]
[Round "8.120"]
[White "Fromm, Marius"]
[Black "Sukovic, Andrej"]
[Result "1-0"]
[WhiteElo "2428"]
[BlackElo "2322"]
[EventDate "2023.03.03"]
[PlyCount "67"]

1.e4 e6 2.d4 d5 3.e5 c5 4.c3 Nc6 5.Nf3 Bd7 6.a3 cxd4 7.cxd4 Qa5+ 8.Nc3 
Nge7 9.Bd3 Nf5 10.Bd2 Nfxd4 11.Nxd4 Nxd4 12.Ne2 Qb6 13.Be3 Bc5 14.b4 Nf3+ 
15.gxf3 Bxe3 16.fxe3 Qxe3 17.f4 g5 18.Qd2 gxf4 19.Qxe3 fxe3 20.Rg1 a5 21.
b5 O-O-O 22.Nd4 f6 23.Nf3 f5 24.Ke2 f4 25.Rg7 Kc7 26.Nd4 Kb6 27.Rf1 Rhg8 
28.Rxg8 Rxg8 29.Rxf4 Rg2+ 30.Kxe3 Rxh2 31.Rf7 Rh3+ 32.Kd2 Be8 33.Re7 Bxb5 
34.Nxb5 1-0

[Event "23rd EUR-ch"]
[Site "Vrnjacka Banja SRB"]
[Date "2023.03.10"]
[Round "8.121"]
[White "Averin, Nikolai"]
[Black "Fataliyeva, Ulviyya"]
[Result "0-1"]
[WhiteElo "2296"]
[BlackElo "2427"]
[EventDate "2023.03.03"]
[PlyCount "74"]

1.e4 e6 2.d4 d5 3.Nd2 Nf6 4.e5 Nfd7 5.Bd3 c5 6.c3 Nc6 7.Ngf3 Be7 8.O-O a5 
9.Re1 cxd4 10.cxd4 g5 11.Nb3 a4 12.Nc5 Nxc5 13.dxc5 g4 14.Nd2 h5 15.Bc2 
Bxc5 16.Bxa4 Qh4 17.Re2 g3 18.Bxc6+ bxc6 19.hxg3 Qxg3 20.Nf1 Qg4 21.Ne3 
Bxe3 22.Bxe3 Rg8 23.f4 h4 24.Qc2 Bb7 25.Rae1 h3 26.Bc5 Qh4 27.Rc1 Rg3 28.
a3 Qxf4 29.Rf2 Qg5 30.Bb4 O-O-O 31.Qd2 Qxd2 32.Rxd2 Rdg8 33.Rcc2 d4 34.Bc5
d3 35.Rc1 Rxg2+ 36.Rxg2 Rxg2+ 37.Kh1 d2 0-1

[Event "23rd EUR-ch"]
[Site "Vrnjacka Banja SRB"]
[Date "2023.03.10"]
[Round "8.122"]
[White "Milikow, Yoav"]
[Black "Jocev, Milan"]
[Result "1/2-1/2"]
[WhiteElo "2416"]
[BlackElo "2315"]
[EventDate "2023.03.03"]
[PlyCount "107"]

1.d4 d5 2.c4 c6 3.Nf3 Nf6 4.g3 Bf5 5.Nc3 e6 6.Nh4 Be4 7.f3 Bg6 8.Qb3 Qb6 
9.c5 Qxb3 10.axb3 Na6 11.Nxg6 hxg6 12.e3 Nc7 13.b4 a6 14.Kf2 Be7 15.Bd2 
O-O-O 16.Kg2 Rde8 17.Bd3 Nd7 18.f4 f5 19.h4 Nf6 20.Rag1 Rh7 21.Be1 Reh8 
22.Nd1 Ne4 23.Nf2 Kd7 24.Nh3 Ne8 25.Ng5 N8f6 26.Nxh7 Rxh7 27.Be2 Ng4 28.
Bxg4 fxg4 29.Bc3 Rh8 30.Ra1 Nf6 31.Be1 Bd8 32.Bf2 Bc7 33.Rhc1 Ra8 34.Be1 
Ne4 35.Ra2 Bd8 36.b5 cxb5 37.c6+ Kc7 38.b3 bxc6 39.Rac2 Kd7 40.Rxc6 a5 41.
R6c2 b4 42.Ra1 Rb8 43.Kf1 Bb6 44.Ke2 Rh8 45.Kd3 Rb8 46.Ke2 Rh8 47.Kd1 Rb8 
48.Ra4 Rh8 49.Raa2 Rb8 50.Kc1 Rh8 51.Kb2 Rb8 52.Ra1 Rh8 53.Ra4 Rb8 54.Rc1 
1/2-1/2

[Event "23rd EUR-ch"]
[Site "Vrnjacka Banja SRB"]
[Date "2023.03.10"]
[Round "8.123"]
[White "Kilic, Eray"]
[Black "Van Dael, Siem"]
[Result "1-0"]
[WhiteElo "2415"]
[BlackElo "2312"]
[EventDate "2023.03.03"]
[PlyCount "51"]

1.Nf3 Nf6 2.g3 g6 3.b3 Bg7 4.Bb2 d6 5.d4 O-O 6.Bg2 c5 7.O-O Ne4 8.c4 Nc6 
9.e3 Qa5 10.Qc1 Rb8 11.Nc3 f5 12.Rd1 a6 13.a3 Bd7 14.b4 cxb4 15.axb4 Nxc3 
16.Bxc3 Qc7 17.d5 Bxc3 18.Qxc3 Nd8 19.Nd4 Nf7 20.f4 Rfc8 21.Rdc1 Nd8 22.h4
h5 23.e4 e5 24.dxe6 Nxe6 25.exf5 Nxd4 26.Bd5+ 1-0

[Event "23rd EUR-ch"]
[Site "Vrnjacka Banja SRB"]
[Date "2023.03.10"]
[Round "8.125"]
[White "Micic, Aleksa"]
[Black "Baenziger, Fabian"]
[Result "1/2-1/2"]
[WhiteElo "2273"]
[BlackElo "2413"]
[EventDate "2023.03.03"]
[PlyCount "58"]

1.e4 c5 2.Nc3 d6 3.d4 cxd4 4.Qxd4 Nc6 5.Qd2 g6 6.b3 Bh6 7.f4 Nf6 8.Bb2 O-O
9.O-O-O a5 10.a4 Nb4 11.Kb1 Qb6 12.Nf3 Bg4 13.Bc4 Rac8 14.Rhf1 Rxc4 15.
bxc4 Rc8 16.h3 Be6 17.g4 Bg7 18.e5 Ne8 19.Rfe1 Bxc4 20.f5 dxe5 21.Qd7 Qc5 
22.Nxe5 Nf6 23.Qd2 Nfd5 24.Nxd5 Ba2+ 25.Ka1 Qxd5 26.Qxd5 Bxd5 27.Kb1 Ba2+ 
28.Ka1 Bd5 29.Kb1 Ba2+ 1/2-1/2

[Event "23rd EUR-ch"]
[Site "Vrnjacka Banja SRB"]
[Date "2023.03.10"]
[Round "8.126"]
[White "Goroskov, Maksim"]
[Black "Gaehwiler, Gabriel"]
[Result "0-1"]
[WhiteElo "2265"]
[BlackElo "2413"]
[EventDate "2023.03.03"]
[PlyCount "61"]

1.e4 c5 2.c3 d5 3.exd5 Nf6 4.d4 cxd4 5.Nf3 Qxd5 6.cxd4 e6 7.Nc3 Qd8 8.Bc4 
Be7 9.O-O O-O 10.Qe2 Nc6 11.Rd1 Nd5 12.Be3 b6 13.Rac1 Bb7 14.Nxd5 exd5 15.
Bd3 Bf6 16.Bb1 g6 17.Bc2 Re8 18.Ba4 Re6 19.Rc3 Na5 20.Ne5 a6 21.Bd7 Re7 
22.Bh3 Bxe5 23.dxe5 Rxe5 24.Qc2 d4 25.Bf4 Re4 26.Rc7 Rxf4 27.b4 d3 28.Rxd3
Rd4 29.Rxd4 Qxd4 30.bxa5 Rd8 31.Kf1 0-1

[Event "23rd EUR-ch"]
[Site "Vrnjacka Banja SRB"]
[Date "2023.03.10"]
[Round "8.127"]
[White "Mitsis, Georgios"]
[Black "Ivanovic, Marko"]
[Result "1-0"]
[WhiteElo "2407"]
[BlackElo "2302"]
[EventDate "2023.03.03"]
[PlyCount "63"]

1.d4 Nf6 2.c4 g6 3.Nc3 Bg7 4.e4 d6 5.Nf3 O-O 6.Be2 e5 7.Be3 exd4 8.Nxd4 
Re8 9.f3 c6 10.Bf2 d5 11.exd5 cxd5 12.O-O Nc6 13.c5 Bf8 14.Bb5 Bd7 15.Bxc6
Bxc6 16.b4 Rc8 17.Qd2 a6 18.a3 Bg7 19.a4 a5 20.b5 Bd7 21.Nb3 Be6 22.Bd4 
Bf8 23.Ne2 Nd7 24.Rac1 Qh4 25.g3 Qh6 26.Nf4 g5 27.Ng2 f6 28.f4 Bf7 29.Ne3 
Re4 30.c6 bxc6 31.bxc6 Nb8 32.Ng4 1-0

[Event "23rd EUR-ch"]
[Site "Vrnjacka Banja SRB"]
[Date "2023.03.10"]
[Round "8.128"]
[White "Pap, Misa"]
[Black "Rahmanidis, Petros"]
[Result "0-1"]
[WhiteElo "2403"]
[BlackElo "2278"]
[EventDate "2023.03.03"]
[PlyCount "60"]

1.e4 e5 2.Nf3 Nc6 3.Bb5 Nf6 4.d3 Bc5 5.Bxc6 dxc6 6.Nbd2 Be6 7.O-O Qd6 8.
Kh1 h6 9.Nb3 Bb6 10.Bd2 a5 11.Bc3 Nd7 12.Nbd2 g5 13.b3 f6 14.Nc4 Bxc4 15.
bxc4 Nc5 16.Ng1 h5 17.Qf3 O-O-O 18.Ne2 g4 19.Qf5+ Qe6 20.Qxe6+ Nxe6 21.
Rae1 Ng5 22.f4 gxf3 23.gxf3 Rhg8 24.Rd1 Nh3 25.Be1 Rg6 26.Bh4 Rdg8 27.Ng3 
Nf2+ 28.Kg2 Nxd1 29.Rxd1 Be3 30.Kh3 Bg5 0-1

[Event "23rd EUR-ch"]
[Site "Vrnjacka Banja SRB"]
[Date "2023.03.10"]
[Round "8.129"]
[White "Parligras, Cosmin"]
[Black "Pastar, Slaven"]
[Result "1/2-1/2"]
[WhiteElo "2260"]
[BlackElo "2401"]
[EventDate "2023.03.03"]
[PlyCount "105"]

1.e4 e6 2.d4 d5 3.Nd2 b6 4.exd5 exd5 5.Ngf3 Nf6 6.Ne5 Bb7 7.Bb5+ c6 8.Bd3 
Bd6 9.O-O O-O 10.Re1 c5 11.c3 Nc6 12.Nxc6 Bxc6 13.Nf1 Qc7 14.Bg5 Nd7 15.
Re3 g6 16.Qg4 Rfe8 17.Rae1 Nf8 18.Bf6 Bf4 19.Rxe8 Rxe8 20.Rxe8 Bxe8 21.g3 
Bh6 22.Ne3 Qd6 23.Be5 Qd8 24.Qf3 Bxe3 25.Qxe3 f6 26.Bxf6 Qxf6 27.Qxe8 cxd4
28.cxd4 Qxd4 29.Qe2 Kf7 30.Qf3+ Kg7 31.Qe2 a5 32.Kg2 Qf6 33.Qf3 Qd6 34.h4 
Nd7 35.Qe3 d4 36.Qf3 Nc5 37.Kf1 Qe6 38.b3 Qd6 39.Ke2 a4 40.Bc4 b5 41.Bxb5 
axb3 42.axb3 Qe6+ 43.Kd1 Qxb3+ 44.Qxb3 Nxb3 45.Ke2 Nc5 46.g4 Kf6 47.f4 h6 
48.Kf3 g5 49.hxg5+ hxg5 50.fxg5+ Kxg5 51.Bc4 Nd7 52.Ke4 Kxg4 53.Be6+ 
1/2-1/2

[Event "23rd EUR-ch"]
[Site "Vrnjacka Banja SRB"]
[Date "2023.03.10"]
[Round "8.130"]
[White "Popovic, Milan S."]
[Black "Martic, Ivan"]
[Result "0-1"]
[WhiteElo "2393"]
[BlackElo "2274"]
[EventDate "2023.03.03"]
[PlyCount "84"]

1.e4 c5 2.Nf3 e6 3.d4 cxd4 4.Nxd4 a6 5.c4 Nf6 6.Nc3 d6 7.Be2 Be7 8.Be3 b6 
9.Qd2 Bb7 10.f3 O-O 11.g4 Nc6 12.g5 Nd7 13.h4 Rc8 14.Rc1 Nxd4 15.Bxd4 Ne5 
16.b3 f5 17.f4 fxe4 18.fxe5 e3 19.Qxe3 Bxh1 20.Bg4 Kh8 21.Rd1 Bg2 22.Ke2 
Qc7 23.h5 dxe5 24.Bxe5 Bc5 25.Rd4 Bxd4 26.Qxd4 Qf7 27.h6 Bf3+ 28.Ke3 Rfd8 
29.hxg7+ Kg8 30.Qf4 Qxf4+ 31.Kxf4 Bxg4 32.Kxg4 Rd7 33.Ne4 Rxg7 34.Bxg7 
Kxg7 35.Kf4 Kf8 36.Nf6 Rc7 37.Ke5 Ke7 38.Nxh7 Rc5+ 39.Kf4 Kf7 40.Nf6 Rf5+ 
41.Ke3 Rxg5 42.Nd7 b5 0-1

[Event "23rd EUR-ch"]
[Site "Vrnjacka Banja SRB"]
[Date "2023.03.10"]
[Round "8.131"]
[White "Antic, Dejan"]
[Black "Taspinar, Yanki"]
[Result "1-0"]
[WhiteElo "2388"]
[BlackElo "2262"]
[EventDate "2023.03.03"]
[PlyCount "56"]

1.Nf3 d5 2.g3 Bg4 3.Bg2 Nd7 4.h3 Bh5 5.O-O c6 6.d3 Ngf6 7.Qe1 e5 8.e4 dxe4
9.dxe4 Bc5 10.Nbd2 O-O 11.Nc4 Re8 12.b4 Bf8 13.Bb2 Qc7 14.a3 Bg6 15.Nh4 b5
16.Nxg6 hxg6 17.Ne3 a5 18.Bc3 axb4 19.axb4 Rad8 20.Qe2 Nb6 21.Rfc1 Rd7 22.
Be1 Red8 23.c4 Nxc4 24.Nxc4 bxc4 25.Rxc4 Qb8 26.Qc2 Rc8 27.Ra5 Bd6 28.Bc3 
c5 1-0

[Event "23rd EUR-ch"]
[Site "Vrnjacka Banja SRB"]
[Date "2023.03.10"]
[Round "8.132"]
[White "Makridis, Dimitrios"]
[Black "Bouska, Jiri"]
[Result "1/2-1/2"]
[WhiteElo "2387"]
[BlackElo "2257"]
[EventDate "2023.03.03"]
[PlyCount "75"]

1.e4 c5 2.Nf3 d6 3.d4 cxd4 4.Nxd4 Nf6 5.Nc3 Nc6 6.Bc4 Bd7 7.Nxc6 Bxc6 8.
Qe2 g6 9.f3 Bg7 10.Be3 O-O 11.O-O-O Qc7 12.g4 a6 13.h4 b5 14.Bb3 b4 15.Nd5
Nxd5 16.Bxd5 Bxd5 17.exd5 a5 18.h5 b3 19.hxg6 fxg6 20.axb3 a4 21.Qh2 axb3 
22.c3 Ra1+ 23.Kd2 Rxd1+ 24.Kxd1 Qa5 25.Qxh7+ Kf7 26.Bd4 Qa1+ 27.Kd2 Qxb2+ 
28.Ke3 Rg8 29.f4 Kf8 30.f5 Bxd4+ 31.Kxd4 Qf2+ 32.Kc4 Qc5+ 33.Kxb3 Qxd5+ 
34.c4 Qf3+ 35.Kb4 Qb7+ 36.Kc3 Qf3+ 37.Kb4 Qb7+ 38.Kc3 1/2-1/2